000 00832nam a22002175i 4500
001 172764
003 ES-MaACL
005 20250831061529.0
008 090908s1932 sp |||| | spa d
110 1 _aEspaña
_93622
245 1 0 _aConvenio de arbitraje entre España y Francia firmado en París el 10 de julio de 1929.
260 _aMadrid :
_b[s.n.],
_c1932 (
_fImpr. del Ministerio de Estado)
300 _a22 p. ;
_c24 cm.
490 1 _aPublicaciones del Ministerio de Estado. Serie A: Acuerdos y Convenios Internacionales. Año 1932 ;
_v5
500 _aLa cubierta sirve de portada.
594 _aTexto en español y francés.
710 1 _aEspaña.
_bMinisterio de Estado.
_93866
830 0 0 _aPublicaciones del Ministerio de Estado
_v5
_9189119
852 _aES-MaACL
_j2299-F-21
999 _c172764
_d172764